000 01212nam a2200265Ia 4500
999 _c49344
_d49344
001 16261
003 GE_BSU
005 20230529175041.0
008 181216s ||||ge |||||||||||||| ||geo||
020 _aISBN 978-9941-9157-4-1
040 _cGE_BSU
041 _ageo
080 _a347.96(479.22) რ-79
245 _aრომან შენგელია 70 : საიუბილეო კრებული :
_bსამართლის პრობლემები /
_cრედ. ლადო ჭანტურია, ეკატერინე შენგელია.
264 _aთბილისი :
_bსამართალი,
_c2012.
300 _a584 გვ. ;
_c22 სმ.
504 _aბიბლიოგრ. ტექსტ. შენიშვნებში
541 _h15ლ.
653 _aქართველი იურისტები
653 _aქართული სამართალი
653 _aსამართალი
700 _aჭანტურია, ლადო
_eრედაქტორი
_918281
700 _aშენგელია, ეკატერინე
_eრეედაქტორი
_9811
942 _cBK
_2udc